| 000 | 00865nam a2200289 a 4500 | ||
|---|---|---|---|
| 003 | AR-BaBNM | ||
| 005 | 20251128203315.0 | ||
| 008 | 082120s2002 ||||||||||||||000 | spa|| | ||
| 020 | _a84-7100-417-8 | ||
| 040 | _cAR-BaBNM | ||
| 245 | 0 | 0 | _aInfluencias artísticas entre España y América |
| 250 | _a1ª ed. | ||
| 260 |
_aMadrid _bMapfre _c1992 |
||
| 300 |
_a421 p. _bláms., il., mapas |
||
| 490 | 0 |
_aRelaciones entre España y América _vv. 7 |
|
| 500 | _aApéndices para consultar p. 411-421 | ||
| 650 | 4 | _aHISTORIA CULTURAL | |
| 650 | 4 | _aHISTORIA DE LAS IDEAS | |
| 650 | 4 | _aLITERATURA | |
| 650 | 4 | _aHISTORIA DE LAS COSTUMBRES | |
| 650 | 4 | _aHISTORIA DEL ARTE | |
| 650 | 4 | _aHISTORIA DE LA ARQUITECTURA | |
| 700 | 1 |
_aGarcía Melero, José Enrique _ecoordinador |
|
| 800 | 1 |
_aGallego, José Andrés _ecoordinador |
|
| 942 | _cBK | ||
| 998 | _cmariana | ||
| 999 |
_c2811 _d2811 |
||